[Event "Satu Mare Szabo Memorial"]
[Site "Satu Mare"]
[Date "2021.08.13"]
[Round "7"]
[White "Vedmediuc, Serghei"]
[Black "Manolache, Marius"]
[Result "0-1"]
[WhiteElo "2464"]
[BlackElo "2517"]
[PlyCount "92"]
[EventDate "2021.08.08"]
[EventType "swiss"]
[EventRounds "9"]
[EventCountry "ROU"]
[SourceTitle "CBM 203 Extra"]
[Source "ChessBase"]
[SourceDate "2021.09.30"]
[SourceVersion "1"]
[SourceVersionDate "2021.09.30"]
[SourceQuality "1"]

1. e4 c5 2. Nf3 e6 3. d4 a6 4. d5 exd5 5. exd5 d6 6. Nc3 Be7 7. a4 Nf6 8. h3 Nbd7 9. Be2 0-0 10. 0-0 Re8 11. Bf4 Bf8 12. Nd2 Nb6 13. Bf3 Bd7 14. a5 Nc8 15. Ne2 b5 16. axb6 Nxb6 17. c4 Bf5 18. b3 h6 19. Ng3 Bh7 20. Re1 g5 21. Be3 Bg7 22. Ra2 Nbd7 23. Be2 Qb6 24. Bf1 Bg6 25. Qc1 a5 26. Ra4 Nh7 27. Qd1 Bc3 28. Ne2 Bg7 29. Ng3 Rab8 30. Qc1 Nhf8 31. h4 gxh4 32. Ne2 Ne5 33. Nc3 Ng4 34. Nb5 Nxe3 35. Rxe3 Rxe3 36. fxe3 Qd8 37. Qe1 Be5 38. Nf3 Bg3 39. Qxa5 Qe7 40. Qd2 Re8 41. Ra6 Be4 42. Nh2 Ng6 43. Bd3 Bxd3 44. Qxd3 Qf6 45. Nf3 Qb2 46. Nd2 Nf4 0-1

[Event "Satu Mare Szabo Memorial"]
[Site "Satu Mare"]
[Date "2021.08.10"]
[Round "3"]
[White "Vedmediuc, Serghei"]
[Black "Coman, Mihnea George"]
[Result "1-0"]
[WhiteElo "2464"]
[BlackElo "2100"]
[PlyCount "87"]
[EventDate "2021.08.08"]
[EventType "swiss"]
[EventRounds "9"]
[EventCountry "ROU"]
[SourceTitle "CBM 203 Extra"]
[Source "ChessBase"]
[SourceDate "2021.09.30"]
[SourceVersion "1"]
[SourceVersionDate "2021.09.30"]
[SourceQuality "1"]

1. d4 Nf6 2. c4 g6 3. Nc3 Bg7 4. e4 d6 5. Be2 0-0 6. Nf3 e5 7. 0-0 Nc6 8. d5 Ne7 9. Ne1 Nd7 10. Nd3 f5 11. Bd2 fxe4 12. Nxe4 Nf6 13. Bf3 Nf5 14. Bc3 Nxe4 15. Bxe4 Qg5 16. c5 dxc5 17. Nxc5 Nd6 18. Bf3 Qf4 19. Rc1 Re8 20. Re1 Bf5 21. g3 Qg5 22. Qb3 Re7 23. h4 Qf6 24. Ne6 Bxe6 25. Bxe5 Qf5 26. Bxg7 Kxg7 27. dxe6 Rf8 28. Re3 h5 29. Kg2 Rf6 30. Rce1 Rf8 31. R1e2 b6 32. Bc6 Qf6 33. Rf3 Nf5 34. Qd5 Kh7 35. b4 Qh8 36. Rd3 Nd6 37. Qe5 Qg8 38. Rf3 Nf5 39. b5 Rd8 40. Bd7 Rdxd7 41. Rxf5 gxf5 42. Qxf5+ Kh6 43. exd7 Rxe2 44. Qg5+ 1-0